| 000 | 00759cam a2200241 a 4500 | ||
|---|---|---|---|
| 020 | _a0471611786 | ||
| 082 | 0 | 0 |
_a624.15136 _bCED _cL-22, P20 |
| 100 | 1 |
_aCedergren, Harry R. _942440 |
|
| 245 | 1 | 0 |
_aSeepage, drainage, and flow nets / _cHarry R. Cedergren. |
| 250 | _a3rd ed. | ||
| 260 |
_aNew York : _bWiley, _cc1989. |
||
| 300 |
_axviii, 465 p. : _bill. ; _c24 cm. |
||
| 500 | _a"A Wiley-Interscience publication." | ||
| 526 |
_a0 _b0 _c0 _d624_151360000000000_CED |
||
| 526 |
_a0 _b0 _c0 _d624_151360000000000_CED |
||
| 526 |
_a0 _b0 _c0 _d624_151360000000000_CED |
||
| 526 |
_a0 _b0 _c0 _d624_151360000000000_CED |
||
| 650 | 0 |
_aDrainage. _919739 |
|
| 650 | 0 |
_aMCE _9379 |
|
| 650 | 0 |
_aSeepage. _942441 |
|
| 650 | 0 |
_aSoil percolation. _942442 |
|
| 942 |
_2ddc _cBK |
||
| 999 |
_c546332 _d546332 |
||